Statistics for Star Trek: Enterprise Episodes

Click here to take the quiz!

General Stats

  • This quiz has been taken 4 times
  • The average score is 20 of 97

Answer Stats

SeasonNumberEpisode% Correct
11/2Broken Bow, Parts I and II
100%
321E^2
75%
31The Xindi
75%
223Regeneration
50%
422These Are the Voyages...
50%
119Acquisition
25%
25A Night in Sickbay
25%
32Anomaly
25%
225Bounty
25%
18Breaking the Ice
25%
217Canamar
25%
22Carbon Creek
25%
215Cease Fire
25%
19Civilization
25%
222Cogenitor
25%
111Cold Front
25%
45Cold Station 12
25%
213Dawn
25%
24Dead Stop
25%
113Dear Doctor
25%
124Desert Crossing
25%
121Detained
25%
36Exile
25%
33Extinction
25%
123Fallen Hero
25%
13Fight or Flight
25%
224First Flight
25%
110Fortunate Son
25%
117Fusion
25%
2
16
Future Tense
25%
43Home
25%
220Horizon
25%
35Impulse
25%
418In a Mirror, Darkly
25%
419In a Mirror, Darkly, Part II
25%
219Judgment
25%
26Marauders
25%
23Minefield
25%
39North Star
25%
120Oasis
25%
211Precious Cargo
25%
34Rajiin
25%
118Rogue Planet
25%
115Shadows of P'Jem
25%
126Shockwave
25%
21Shockwave, Part II
25%
116Shuttlepod One
25%
112Silent Enemy
25%
29Singularity
25%
114Sleeping Dogs
25%
214Stigma
25%
14Strange New World
25%
16Terra Nova
25%
421Terra Prime
25%
17The Andorian Incident
25%
46The Augments
25%
221The Breach
25%
212The Catwalk
25%
28The Communicator
25%
218The Crossing
25%
226The Expanse
25%
47The Forge
25%
27The Seventh
25%
37The Shipment
25%
38Twilight
25%
125Two Days and Two Nights
25%
15Unexpected
25%
210Vanishing Point
25%
122Vox Sola
25%
415Affliction
0%
48Awakening
0%
318Azati Prime
0%
412Babel One
0%
44Borderland
0%
417Bound
0%
311Carpenter Street
0%
312Chosen Realm
0%
323Countdown
0%
410Daedalus
0%
319Damage
0%
420Demons
0%
416Divergence
0%
316Doctor's Orders
0%
315Harbinger
0%
317Hatchery
0%
49Kir'Shara
0%
411Observer Effect
0%
313Proving Ground
0%
310Similitude
0%
41Storm Front
0%
42Storm Front, Part II
0%
314Stratagem
0%
414The Aenar
0%
322The Council
0%
320The Forgotten
0%
413United
0%
324Zero Hour
0%

Score Distribution

Percentile by Number Answered

Percent of People with Each Score

Your Score History

You have not taken this quiz